000 00579nam a2200229Ia 4500
003 OSt
005 20221005122658.0
006 a|||||r|||| 00| 0
007 ta
008 221004b |||||||| |||| 00| 0 san d
024 _a59526
037 _cTextual
040 _aCRL
_cCRL
_bsan
041 _2san
_asan
082 _aO15,1D40x, 33K2
100 _aKalidasa
245 0 _aKannada Kalidasa mahasamputa krutigalu
260 _c1962
650 _aSANSKRIT LITERATURE
942 _hO15,1D40x, 33K2
_cTEXL
_2cc
999 _c1045066
_d1045066